=LDR 00000nam 2200000 4500 =001 INLIS000000000020087 =005 20240822012726 =035 ##$$a 0010-061300000020087 =008 240822################g##########0#ind## =041 ##$$a Ind =082 ##$$a 800 =090 ##$$a 810, Pra p =100 ##$$a Pradotokusumo, Partini Tarjono =245 1#$$a Pengkajian sastra, /$c Partini Tarjono Pradotokusumo =260 ##$$a Jakarta :$b Gramedia Pustaka Utama,$c 2005 =300 ##$$a viii, 140 hlm, ; $c 21 cm =650 #4$$a Kesusastraan Indonesia =850 ##$$a NBPNMAT =084 ##$$a 800 PRA p =990 ##$$a 90214/BPAP-NTB/2014 =990 ##$$a 0001/BPAP-NTB/20142014